Güzel yazılar (Record no. 15658)

MARC details
000 -BAŞLIK
Sabit Uzunlukta Kontrol Alanı 01015nam a22002537a 4500
999 ## - SİSTEM KONTROL NUMARALARI (KOHA)
Koha Biblionumber 15658
Koha Biblioitemnumber 15658
003 - KONTROL NUMARASI IDENTIFIER
Denetim Alanı MIRAKIL
005 - SON İŞLEM TARİHİ VE ZAMANI
Denetim Alanı 20240315161647.0
008 - SABİT-BOY VERİ ELEMANLARI - GENEL BİLGİLER
Sabit Uzunlukta Kontrol Alanı 240315b tu ||||| |||| 00| 0 tur d
020 ## - ULUSLARARASI STANDART KİTAP NUMARASI
Uluslararası Standart Kitap Numarası 9789751608017
040 ## - KATALOGLAMA KAYNAK
Orijinal Kataloglama Ajansı TR-AnCHP
Metne Dönüştürmek Ajansı TR-AnCHP
041 ## - DİL KODU
Metin / Ses Parça Veya Ayrı Başlığın Dil Kodu tur
082 ## - DEWEY ONLU SINIFLANDIRMA NUMARASI
Sınıflandırma Numarası 813.42
Ürün Numarası G99 2022
245 10 - BAŞLIK TABLOSU
Başlık Güzel yazılar
Başlığın Kalan hikayeler 2 /
Sorumluluk Tablosu, Vb hazırlayanlar: Prof. Dr. İsmail Parlatır, Prof. Dr. İnci Enginün, Prof. Dr. Orhan Okay, Prof Dr. Zeynep Kerman, Prof. Dr. Kazım Yetiş, Prof Dr. Necat Birinci
250 ## - EDITION TABLOSU
Baskı Beyanı 8. baskı: Ankara, 2022 Mayıs
260 ## - YAYIN, DAĞITIM, VB
Yayın, Dağıtım, Vb Yeri Ankara :
Yayıncı, Dağıtıcı, Vs Adı Türk Dil Kurumu Yayınları,
Yayın, Dağıtım, Vb Tarihi 2022
300 ## - FİZİKSEL TANIM
Kapsam (xıv, 337 sayfa) ;
Boyutlar 20 cm
490 0# - SERİSİ TABLOSU
Seri Beyanı Ankara Kültür, Dil ve Tarih Yüksek Kurumu Türk Dil Kurumu Yayınları ;.
Hacim / Ardışık Tanımı 642.
490 0# - SERİSİ TABLOSU
Seri Beyanı Güzel Yazılar dizisi ;
Hacim / Ardışık Tanımı 3.
500 ## - GENEL NOT
Genel Not Eser tıpkı basım içerir<br/>
650 #0 - KONU KATMA GİRİŞ - TOPİKAL DÖNEM
9 (RLIN) 7773
Topikal Süreli Veya Coğrafi Ad Giriş Elemanı Türk Hikayeleri
856 ## - ELEKTRONİK YER VE ERİŞİM
Kamu Notu Dijital Nüshası için Partimizin Kütüphane Sorumlusu ile iletişime geçiniz.
942 ## - EKLENDİ GİRİŞ ELEMANLARI (KOHA)
Sınıflandırma Veya Raf Düzeni Kaynak Dewey Decimal Classification
Koha Öğesi Türü Books
999 ## - SİSTEM KONTROL NUMARALARI (KOHA)
Koha Biblioitemnumber 15657
Holdings
Kalıcı Konum Mevcut Konum Edinme Tarihi Toplam Check-Out'Lar Tam Çağrı Numarası Barkod Tarih Son Görülme İtibaren Geçerli Fiyatlar Koha Öğesi Türü
CHP Kütüphanesi CHP Kütüphanesi 03/15/2024   813.42 G99 2022 21571 03/15/2024 03/15/2024 Books